00217 a2200109 4500001000700000020000600007040001100013100002100024240002900045245002400074362000900098170581 a  cMagnum aVilarrubias, Pia10aKiko sale del librolESP10aKiko sale del libro0 a1899